000
00229nam a2200133Ia 4500
650
_a
GATE
942
_c
BK
366
_f
20
654
_a
Gate 2017
245
_a
Gate 2017
260
_b
#N/A
546
_a
ENGLISH
999
_c
25443
_d
25443